[Event "Gibraltar Challengers B 2019"]
[Site "Caleta"]
[Date "2019.01.30"]
[Round "5"]
[White "Bottema, Martin"]
[Black "Maldonado Mena, German"]
[Result "0-1"]
[WhiteElo "2104"]
[BlackElo "1808"]
[Annotator "NA RC"]
[PlyCount "64"]
[EventDate "2019.01.18"]
[EventType "swiss"]
[EventCountry "GGB"]
[SourceTitle "playchess.com"]
[Source "ChessBase"]
[SourceQuality "1"]
[TimeControl "6600+10"]

1. d4 {[%emt 0:00:00]} Nf6 {[%emt 0:00:00]} 2. c4 {[%emt 0:00:06]} g6 {[%emt 0:00:00]} 3. Nc3 {[%emt 0:00:10]} Bg7 {[%emt 0:00:03]} 4. e4 {[%emt 0:00:08]} d6 {[%emt 0:00:04]} 5. Be2 {[%emt 0:00:07]} O-O {[%emt 0:00:10]} 6. Be3 {[%emt 0:00:09]} e5 {[%emt 0:02:12]} 7. d5 {[%emt 0:00:06]} Nbd7 {[%emt 0:00:25]} 8. g4 {[%emt 0:00:36]} Nc5 {[%emt 0:01:23] E73: King's Indian: Averbakh Variation without 6...c5} 9. f3 {[%emt 0:00:17]} a5 {[%emt 0:00:17]} 10. h4 {[%emt 0:01:03]} h5 {[%emt 0:00:17]} 11. g5 {[%emt 0:00:11]} Ne8 {[%emt 0:02:37]} (11... Nh7 12. Kd2 Bd7 13. Nh3 c6 14. Nf2 cxd5 15. exd5 f5 16. gxf6 Nxf6 17. Bxc5 dxc5 {0-1 (37) Vallejo Pons,F (2705)-Radjabov,T (2741) Palma de Mallorca 2017}) 12. Qd2 {[%emt 0:01:23]} Bd7 {[%emt 0:03:18]} 13. O-O-O {[%emt 0:04:12]} b6 {[%emt 0:00:49]} (13... Qb8 $14) 14. Kb1 $146 {[%emt 0:01:26]} ({Predecessor:} 14. Nh3 Qc8 15. Nf2 Qa6 16. Kb1 {0-1 (58) Kumar,N (2268)-Shen,C (2254) Irving 2018}) 14... Na4 {[%emt 0:03:45]} 15. Nxa4 {[%emt 0:00:29]} Bxa4 {[%emt 0:00:03]} 16. Rc1 {[%emt 0:00:15]} Bd7 {[%emt 0:00:56]} 17. Nh3 {[%emt 0:00:31]} c6 {[%emt 0:02:23]} 18. dxc6 {[%emt 0:04:16]} Bxc6 {[%emt 0:00:06]} 19. Nf2 {[%emt 0:14:38]} Rb8 {[%emt 0:03:28]} 20. Rc3 {[%emt 0:10:57]} Qe7 {[%emt 0:05:46]} 21. Nd1 {[%emt 0:07:00]} Nc7 {[%emt 0:06:23]} 22. Rb3 {[%emt 0:00:30]} Ne6 {[%emt 0:00:07]} 23. Rxb6 {[%emt 0:00:24]} Rxb6 {[%emt 0:00:08]} 24. Bxb6 {[%emt 0:00:07]} Qb7 {[%emt 0:00:05]} 25. Bxa5 {[%emt 0:02:24]} Bxe4+ $1 {[%emt 0:00:13] Double Attack} 26. Ka1 {[%emt 0:03:13]} (26. Bd3 $17 Bxf3 27. Re1) 26... Bxf3 {[%emt 0:00:11]} 27. Rf1 {[%emt 0:06:36]} Bxe2 {[%emt 0:00:57]} 28. Qxe2 {[%emt 0:00:04]} Nd4 {[%emt 0:00:19]} 29. Qf2 {[%emt 0:03:14]} Qa6 {[%emt 0:01:37] Double Attack} 30. Bc3 {[%emt 0:02:16]} Qxc4 {[%emt 0:00:55]} 31. Ne3 $19 {[%emt 0:00:23]} Qd3 {[%emt 0:00:27]} 32. Rd1 {[%emt 0:04:25]} Nb3+ {[%emt 0:00:13]} 0-1

[Event "Gibraltar Challengers B 2019"]
[Site "Caleta"]
[Date "2019.01.30"]
[Round "5"]
[White "Schouten, Freek"]
[Black "Bryn, Askild"]
[Result "1-0"]
[WhiteElo "2087"]
[BlackElo "2010"]
[Annotator "NA RC"]
[PlyCount "51"]
[EventDate "2019.01.18"]
[EventType "swiss"]
[EventCountry "GGB"]
[SourceTitle "playchess.com"]
[Source "ChessBase"]
[SourceQuality "1"]
[TimeControl "6600+10"]

{[%evp 11,50,32,40,32767,54,49,34,16,27,-1,37,32767,68,32767,32767,32767,32767,32767,32767,32767,81,32767,32767,32767,32767,32767,32767,32767,32767,188,32767,193,227,220,393,454,455,505,528,546,1193]} 1. d4 {[%emt 0:00:00]} d5 {[%emt 0:09:52]} 2. Nf3 {[%emt 0:00:11]} Nf6 {[%emt 0:00:20]} 3. c4 {[%emt 0:00:06]} e6 {[%emt 0:00:31]} 4. g3 {[%emt 0:00:11]} c6 {[%emt 0:00:50]} 5. Qc2 {[%emt 0:07:45]} Ne4 {[%emt 0:01:57]} 6. Bg2 {[%emt 0:01:54]} f5 {[%emt 0:01:55]} 7. Bf4 {[%emt 0:02:23]} Be7 {[%emt 0:02:04]} 8. Nbd2 {[%emt 0:04:45]} O-O {[%emt 0:02:40]} 9. O-O {[%emt 0:03:25]} Nd7 {[%emt 0:20:31]} 10. Ne5 {[%emt 0:16:34]} Bf6 {[%emt 0:02:59]} 11. Ndf3 {[%emt 0:21:41]} Ng5 {[%emt 0:10:46]} 12. Rac1 {[%emt 0:02:51]} Nxf3+ {[%emt 0:00:35]} 13. Nxf3 {[%emt 0:00:42]} g5 {[%emt 0:01:04]} 14. Bd6 {[%emt 0:04:47]} Be7 {[%emt 0:04:10]} 15. Bxe7 {[%emt 0:03:44]} Qxe7 {[%emt 0:00:17]} 16. e3 {[%emt 0:01:39]} g4 {[%emt 0:00:38]} 17. Ne1 {[%emt 0:01:12]} h5 {[%emt 0:02:47]} 18. Nd3 {[%emt 0:00:11]} Rf6 {[%emt 0:03:03]} 19. Nf4 {[%emt 0:03:12]} Rh6 {[%emt 0:00:52]} 20. cxd5 {[%emt 0:00:32]} cxd5 {[%emt 0:07:36]} 21. Qc7 {[%emt 0:03:52]} Kf7 {[%emt 0:04:25]} 22. Nd3 {[%emt 0:05:45]} Ke8 $2 {[%emt 0:02:02]} (22... Rh7 {was worth a try.} 23. Qf4 Nf8) 23. Qf4 {[%emt 0:04:37]} Rg6 {[%emt 0:03:06]} 24. Rc7 {[%emt 0:00:18]} Qg5 {[%emt 0:01:56]} 25. Rfc1 {[%emt 0:00:18]} Kd8 $18 {[%emt 0:11:56]} 26. Qd6 {[%emt 0:02:17]} 1-0

[Event "Gibraltar Challengers B 2019"]
[Site "Caleta"]
[Date "2019.01.30"]
[Round "5"]
[White "Diaz Mino, Pablo"]
[Black "Haase, Pavel"]
[Result "1/2-1/2"]
[WhiteElo "2085"]
[BlackElo "2141"]
[Annotator "TA"]
[PlyCount "149"]
[EventDate "2019.01.18"]
[EventType "swiss"]
[EventCountry "GGB"]
[SourceTitle "playchess.com"]
[Source "ChessBase"]
[SourceQuality "1"]

{[%evp 17,149,32,48,25,48,45,97,86,105,91,96,95,101,128,118,115,158,89,77,82,137,125,136,102,71,17,17,17,10,-62,-14,-11,-11,-8,-8,-6,-14,-62,-48,-79,-8,-110,-58,-459,0,0,231,231,231,231,231,231,231,223,218,137,137,135,141,140,141,131,131,133,149,149,204,196,205,189,189,165,172,139,139,139,139,139,154,139,147,143,669,77,77,77,93,77,77,75,106,106,106,89,113,100,100,93,93,93,128,122,122,93,113,113,113,106,106,107,113,89,95,89,89,53,46,24,24,24,24,24,24,24,24,24,24,24,24,24,24,16,24,0]} 1. d4 (1. Nf3 f5 2. g3 Nf6 3. Bg2 d6 4. d4 e6 5. O-O Be7 6. c4 O-O 7. Nc3 Ne4 8. Qc2 Nxc3 9. Qxc3 {½-½ (24) Neiksans,A (2576)-Stopa,J (2528) Wunsiedel 2015}) 1... f5 2. g3 $146 ({Predecessor:} 2. c4 e6 3. g3 Nf6 4. Bg2 Be7 5. Nf3 O-O {½-½ (13) Gautam,A (1969)-Brookfield,T Mallorca 2004}) 2... Nf6 3. Bg2 e6 4. Nf3 Be7 5. O-O O-O 6. c4 Ne4 ({Predecessor:} 6... d6 7. Nc3 Ne4 8. Qc2 Nxc3 9. Qxc3 {½-½ (13) Gautam,A (1969)-Brookfield,T Mallorca 2004}) 7. Qc2 Bf6 8. Nc3 Nxc3 9. Qxc3 d6 10. Rd1 {A96: Classical Dutch: Fluid Systems: Early deviations} (10. b3 Nc6 11. Bb2 e5 12. Qd2 Qe8 13. e3 a5 14. d5 Nd8 15. Ne1 e4 16. Bxf6 Rxf6 17. f3 exf3 18. Nxf3 Nf7 19. Rae1 Bd7 20. Qd4 Qf8 21. e4 f4 22. gxf4 Rxf4 23. Qe3 Nh6 24. c5 {½-½ (24) Neiksans,A (2576)-Stopa,J (2528) Wunsiedel 2015}) 10... Nd7 11. Qc2 g6 ({Better is} 11... Qe7 $14) 12. Bh6 {White is better.} ({Predecessor:} 12. e4 Bg7 13. e5 {½-½ (13) Gautam,A (1969)-Brookfield,T Mallorca 2004}) 12... Re8 13. e4 fxe4 14. Qxe4 e5 15. Qd5+ Kh8 16. c5 exd4 17. Re1 ({White should try} 17. cxd6 cxd6 18. Ng5 (18. Nxd4 Nb6 $16) (18. Qxd6 Ne5 $16)) 17... Ne5 $16 (17... Nxc5 $2 18. Ng5 $18) (17... dxc5 $2 18. Rxe8+ Qxe8 19. Re1 $18) 18. cxd6 Be6 (18... cxd6 $142 19. Nxd4 Bd7) 19. Qxb7 Qxd6 20. Nxe5 Bxe5 21. Rxe5 (21. Rac1 $16 Bd7 22. b3) 21... Qxe5 $11 22. Bf4 Qg7 23. Rc1 (23. Qxc7 $11 Rac8 24. Qxg7+ Kxg7 25. Be5+ {[%mdl 64] Double Attack} Kf7 26. Bxd4) 23... Rac8 ({Don't blunder} 23... Bxa2 $2 24. Rxc7 Qf6 25. h4 $18) (23... Rab8 $5 {[%cal Rb8b7]} 24. Qxa7 Rxb2 $17) 24. Qxa7 g5 $36 {[%mdl 2048] Black is pushing.} 25. Bd2 $1 c5 26. Qa5 $1 Qc7 27. Qa3 Qe7 28. Re1 Qf6 (28... Qd6 $17 {Strongly threatening ...Bd5.} 29. Bxg5 Bd5) 29. Bb7 (29. Qa6 $1 $11 {remains equal.} Kg7 30. Bxg5 Qxg5 31. Rxe6) 29... Rc7 (29... Rb8 $17 30. Bc6 Rf8) 30. Bd5 $2 {[%mdl 8192] [#]} ({White should play} 30. Bg2 $1 $15) 30... Rf7 $2 (30... Rf8 $19 31. Bf4 gxf4 32. Rxe6 Qf5) 31. f4 Qf5 $2 (31... gxf4 $11 {and Black is okay.} 32. Bxf4 Qg6 33. Rxe6 Rxe6 34. Bxe6 Qxe6) 32. Qxc5 $18 Qxd5 33. Qxd5 Bxd5 34. Rxe8+ {[%mdl 4096] Endgame KRB-KRB} Kg7 35. Rd8 ({But not} 35. fxg5 Bxa2 36. Rd8 Be6) 35... Bxa2 36. Rxd4 gxf4 37. Bxf4 Bb3 38. Rb4 Bd5 39. Rb6 {[#] White wants to mate with Bh6+.} Ra7 40. h4 Bf3 41. Kf2 Bg4 (41... Rb7 $16) 42. Ke3 Rd7 43. Be5+ Kf7 44. Kf4 h5 45. Rf6+ Ke7 46. Rg6 Rd5 47. Rg5 Ke6 48. Bc3 Rd8 49. Rg6+ Kd5 $2 {[%mdl 8192]} (49... Kf7 $16 50. Rb6 Rd3) 50. Rf6 $2 (50. Rxg4 $18 Rf8+ 51. Kg5 hxg4 52. h5) 50... Re8 $16 51. Ra6 Re4+ 52. Kg5 Re3 53. Ra5+ Kc6 54. Be5 Rb3 55. Ra3 Rb5 56. Kf6 Kd5 57. Rd3+ Ke4 58. Rd4+ Kf3 59. Rf4+ Ke3 60. Bd4+ Kd3 61. Bc3 {And now Rxg4! would win.} Rb6+ 62. Kg5 Rb5+ 63. Kg6 Rb6+ 64. Rf6 Rb5 65. Rd6+ Ke3 66. Bd2+ Kf3 67. Bf4 Rxb2 68. Rd3+ Kg2 69. Rd5 Rb6+ 70. Kg5 Kh3 71. Rc5 Ra6 72. Re5 Rc6 73. Ra5 Rb6 74. Ra7 Rc6 75. Ra5 {Accuracy: White = 45%, Black = 50%.} 1/2-1/2

[Event "Gibraltar Challengers B 2019"]
[Site "Caleta"]
[Date "2019.01.30"]
[Round "5"]
[White "Broekman, Willem"]
[Black "Jordan Martinez, David"]
[Result "0-1"]
[WhiteElo "2071"]
[BlackElo "2125"]
[Annotator "RC"]
[PlyCount "116"]
[EventDate "2019.01.18"]
[EventType "swiss"]
[EventCountry "GGB"]
[SourceTitle "playchess.com"]
[Source "ChessBase"]
[SourceQuality "1"]
[TimeControl "6600+10"]

1. d4 {[%emt 0:00:00]} d6 {[%emt 0:00:00]} 2. c4 {[%emt 0:00:01]} e5 {[%emt 0:00:05]} 3. dxe5 {[%emt 0:00:14]} dxe5 {[%emt 0:00:04]} 4. Qxd8+ {[%emt 0:00:07]} Kxd8 {[%emt 0:00:10]} 5. Nf3 {[%emt 0:01:31]} f6 {[%emt 0:00:27]} 6. Nc3 {[%emt 0:00:20]} Be6 {[%emt 0:00:47]} 7. e4 {[%emt 0:00:34]} Nd7 {[%emt 0:01:25]} 8. Be2 {[%emt 0:01:23]} c6 {[%emt 0:01:34]} 9. Be3 {[%emt 0:01:24]} Bc5 {[%emt 0:07:02]} 10. Bxc5 {[%emt 0:00:59]} Nxc5 {[%emt 0:00:09]} 11. b4 {[%emt 0:02:21]} Nd7 {[%emt 0:00:25]} 12. O-O {[%emt 0:00:36]} Nh6 {[%emt 0:10:21]} 13. Rfd1 {[%emt 0:03:16]} Ke7 {[%emt 0:09:02]} 14. Rd2 {[%emt 0:03:45]} a5 {[%emt 0:03:19]} 15. Rb2 {[%emt 0:10:57]} axb4 {[%emt 0:01:00]} 16. Rxb4 {[%emt 0:00:02]} Nc5 {[%emt 0:00:44]} 17. Nd2 {[%emt 0:09:01]} Ra7 {[%emt 0:02:59]} 18. Rab1 {[%emt 0:01:11]} Rd8 {[%emt 0:02:44]} 19. Nb3 {[%emt 0:04:43]} Nxb3 {[%emt 0:01:18]} 20. axb3 {[%emt 0:02:43]} Rd2 {[%emt 0:04:46]} 21. Kf1 {[%emt 0:00:45]} Nf7 {[%emt 0:02:08]} 22. Ke1 {[%emt 0:00:57]} Rd4 {[%emt 0:01:35]} 23. Bf3 {[%emt 0:06:41]} Ng5 {[%emt 0:14:45]} 24. Rd1 {[%emt 0:04:52]} Kd6 {[%emt 0:09:13]} 25. Rxd4+ {[%emt 0:16:46]} exd4 {[%emt 0:00:02]} 26. Na4 {[%emt 0:00:18]} Bd7 {[%emt 0:07:10]} 27. c5+ {[%emt 0:01:59]} Ke5 {[%emt 0:01:59]} 28. Nb2 {[%emt 0:03:12]} Nxf3+ {[%emt 0:17:14]} 29. gxf3 {[%emt 0:00:44]} Kf4 {[%emt 0:00:19]} 30. Rxd4 {[%emt 0:01:00]} Be6 {[%emt 0:00:08]} 31. Ke2 {[%emt 0:02:32]} Bxb3 {[%emt 0:02:40]} 32. Nd3+ {[%emt 0:00:28]} Kg5 {[%emt 0:00:01]} 33. Rd7 {[%emt 0:03:43]} Kh6 {[%emt 0:01:02]} 34. f4 {[%emt 0:02:59]} Bc4 {[%emt 0:00:31]} 35. e5 {[%emt 0:01:58]} Kg6 {[%emt 0:01:04]} 36. Rd4 {[%emt 0:00:49]} Bd5 {[%emt 0:00:53]} 37. Rb4 {[%emt 0:05:34]} Kf5 {[%emt 0:00:25]} 38. Ke3 {[%emt 0:00:09]} h5 {[%emt 0:00:25]} 39. f3 {[%emt 0:01:33]} h4 {[%emt 0:00:54]} 40. h3 {[%emt 0:01:19]} Be6 {[%emt 0:01:15]} 41. Rd4 {[%emt 0:05:02]} Ra3 {[%emt 0:00:42]} 42. Rb4 {[%emt 0:01:13]} Kg6 {[%emt 0:01:21]} 43. Kd2 {[%emt 0:03:39]} Bxh3 {[%emt 0:00:12]} 44. Nf2 {[%emt 0:00:19]} Be6 {[%emt 0:00:25]} 45. exf6 {[%emt 0:00:16]} gxf6 {[%emt 0:01:49]} 46. Rxb7 {[%emt 0:02:28]} Rxf3 {[%emt 0:00:13]} 47. Ke2 {[%emt 0:00:41]} Rxf4 {[%emt 0:00:08]} 48. Rb1 {[%emt 0:00:04]} Rc4 {[%emt 0:00:10]} 49. Rh1 {[%emt 0:00:07]} Kh5 {[%emt 0:00:05]} 50. Nd3 {[%emt 0:00:08]} Bd5 {[%emt 0:00:37]} 51. Rg1 {[%emt 0:00:08]} Rg4 {[%emt 0:00:15]} 52. Rf1 {[%emt 0:00:03]} Kg5 {[%emt 0:00:10]} 53. Nf2 {[%emt 0:00:02]} Rc4 {[%emt 0:00:04]} 54. Rg1+ {[%emt 0:00:03]} Kf5 {[%emt 0:00:04]} 55. Nd3 {[%emt 0:00:06]} Rg4 {[%emt 0:00:12]} 56. Rf1+ {[%emt 0:00:03]} Kg5 {[%emt 0:00:12]} 57. Nf2 {[%emt 0:00:09]} Bc4+ {[%emt 0:00:05]} 58. Nd3 {[%emt 0:00:01]} Rg2+ {[%emt 0:00:19]} 0-1

[Event "Gibraltar Challengers B 2019"]
[Site "Caleta"]
[Date "2019.01.30"]
[Round "5"]
[White "Spacapan, Simon"]
[Black "Gostelow, David W"]
[Result "1/2-1/2"]
[WhiteElo "2061"]
[BlackElo "1850"]
[Annotator "NA RC"]
[PlyCount "101"]
[EventDate "2019.01.18"]
[EventType "swiss"]
[EventCountry "GGB"]
[SourceTitle "playchess.com"]
[Source "ChessBase"]
[SourceQuality "1"]
[TimeControl "6600+10"]

1. e4 {[%emt 0:00:00]} c5 {[%emt 0:00:00]} 2. Nf3 {[%emt 0:00:00]} Nc6 {[%emt 0:00:00]} 3. d4 {[%emt 0:00:00]} cxd4 {[%emt 0:00:00]} 4. Nxd4 {[%emt 0:00:02]} e5 {[%emt 0:00:04]} 5. Nb5 {[%emt 0:00:03]} a6 {[%emt 0:00:06]} 6. Nd6+ {[%emt 0:00:04]} Bxd6 {[%emt 0:00:06]} 7. Qxd6 {[%emt 0:00:06]} Qf6 {[%emt 0:00:02]} 8. Qd1 {[%emt 0:00:37]} Qg6 {[%emt 0:00:06]} 9. Nc3 {[%emt 0:01:09]} Nge7 {[%emt 0:01:54]} 10. Be3 {[%emt 0:01:38]} d5 {[%emt 0:03:37]} 11. Nxd5 {[%emt 0:16:01]} ({Better is} 11. exd5 $14 Nb4 12. Bd3) 11... Nxd5 {[%emt 0:04:14] B32: Sicilian: Löwenthal and Kalashnikov Variations} 12. Qxd5 {[%emt 0:02:20]} O-O {[%emt 0:09:00]} ({Better is} 12... Be6 $11 13. Qd2 Qxe4) 13. f3 {[%emt 0:06:50]} Rd8 {[%emt 0:03:02]} 14. Qc5 {[%emt 0:01:51]} b6 $146 {[%emt 0:28:42]} ({Predecessor:} 14... Be6 15. Rd1 Rxd1+ 16. Kxd1 Bxa2 17. b3 Rc8 18. Qa3 Bb1 19. Qb2 {0-1 (37) Stepanov,A (2381)-Golubka,P (2403) Tula 2010}) 15. Qa3 {[%emt 0:20:00]} Nd4 {[%emt 0:03:30]} 16. Bxd4 {[%emt 0:00:35]} Rxd4 {[%emt 0:00:23]} 17. Qe3 {[%emt 0:08:58]} Bb7 {[%emt 0:15:25]} 18. Kf2 {[%emt 0:03:11]} Rad8 {[%emt 0:02:55]} 19. Bd3 {[%emt 0:06:35]} Qh5 {[%emt 0:00:54]} 20. g4 {[%emt 0:10:08]} Qh4+ {[%emt 0:06:20]} 21. Kg2 {[%emt 0:01:16]} h5 {[%emt 0:07:06]} 22. h3 {[%emt 0:03:12]} Qe7 {[%emt 0:02:14]} 23. Rhd1 {[%emt 0:02:18]} Bc6 {[%emt 0:09:30]} 24. c3 {[%emt 0:02:38]} R4d6 {[%emt 0:00:13]} 25. Bc2 {[%emt 0:00:45]} ({Reject} 25. gxh5 Qh4 $15) 25... Bb5 {[%emt 0:05:11]} 26. Rxd6 {[%emt 0:05:32]} Rxd6 {[%emt 0:00:02]} 27. Rd1 {[%emt 0:00:17]} ({Reject} 27. gxh5 Qd8 $17) 27... hxg4 {[%emt 0:01:03]} 28. hxg4 {[%emt 0:00:37]} Rh6 {[%emt 0:00:29]} 29. Qd2 {[%emt 0:07:53]} Kh7 $1 {[%emt 0:00:54]} 30. Qd8 {[%emt 0:01:50]} Qc5 {[%emt 0:00:58]} 31. Qd2 {[%emt 0:01:51]} Qe7 {[%emt 0:00:10]} 32. Rh1 $14 {[%emt 0:01:39]} Bf1+ {[%emt 0:02:21]} 33. Rxf1 {[%emt 0:02:26]} Qh4 {[%emt 0:00:02]} 34. Qxh6+ {[%emt 0:01:02]} gxh6 {[%emt 0:00:23]} 35. Rd1 {[%emt 0:00:11]} h5 {[%emt 0:00:14]} 36. gxh5 {[%emt 0:00:06]} Qg5+ {[%emt 0:00:12]} 37. Kf2 {[%emt 0:00:07]} Qxh5 {[%emt 0:00:12]} 38. Rg1 {[%emt 0:00:30]} Qh4+ {[%emt 0:00:17]} 39. Rg3 {[%emt 0:00:40]} Qf4 {[%emt 0:00:13]} 40. Rh3+ {[%emt 0:00:01]} Kg7 {[%emt 0:00:12]} 41. Rg3+ {[%emt 0:00:46]} (41. Bb3 {was the only chance.}) 41... Kf8 {[%emt 0:00:10]} 42. Rg2 {[%emt 0:00:02]} Qc1 {[%emt 0:01:05]} 43. Kg3 {[%emt 0:00:01]} Qxb2 {[%emt 0:00:11]} 44. Bd3 {[%emt 0:00:26]} Qxc3 {[%emt 0:00:07]} 45. Bxa6 {[%emt 0:00:01]} Qe3 {[%emt 0:00:46]} 46. Bc4 {[%emt 0:00:53]} Qe1+ {[%emt 0:00:18]} 47. Kg4 {[%emt 0:00:08]} Ke7 {[%emt 0:01:03]} 48. Bd5 {[%emt 0:00:04]} f6 {[%emt 0:00:32]} (48... Qc1 $19 {has better winning chances.} 49. Kg3 Kd6) 49. Kf5 {[%emt 0:00:15]} Qh1 {[%emt 0:00:19]} 50. Rg7+ {[%emt 0:00:03]} Kd6 $17 {[%emt 0:00:01]} 51. Kxf6 {[%emt 0:00:14]} 1/2-1/2

[Event "Gibraltar Challengers B 2019"]
[Site "Caleta"]
[Date "2019.01.30"]
[Round "5"]
[White "Cao Armillas, Jesus"]
[Black "Sidali, Elias Hulleberg"]
[Result "1/2-1/2"]
[WhiteElo "2048"]
[BlackElo "1783"]
[Annotator "NA RC"]
[PlyCount "72"]
[EventDate "2019.01.18"]
[EventType "swiss"]
[EventCountry "GGB"]
[SourceTitle "playchess.com"]
[Source "ChessBase"]
[SourceQuality "1"]
[TimeControl "6600+10"]

1. d4 {[%emt 0:00:50]} Nf6 {[%emt 0:00:00]} 2. c4 {[%emt 0:00:04]} e6 {[%emt 0:00:01]} 3. Nc3 {[%emt 0:00:03]} Bb4 {[%emt 0:00:07]} 4. e3 {[%emt 0:00:03]} c5 {[%emt 0:00:07]} 5. Bd3 {[%emt 0:00:12]} Nc6 {[%emt 0:00:06]} 6. Nge2 {[%emt 0:01:00]} cxd4 {[%emt 0:00:11]} 7. exd4 {[%emt 0:00:04]} d5 {[%emt 0:00:07]} 8. O-O {[%emt 0:00:20]} ({Predecessor:} 8. c5 O-O {1-0 (31) Kashlinskaya,A (2455)-Kharmunova,N (2199) Sochi 2017}) 8... O-O $146 {[%emt 0:00:08] E41: Nimzo-Indian: Rubinstein: 4...c5 5 Bd3, including Hübner Variation} (8... dxc4 9. Bxc4 O-O 10. a3 Bd6 11. h3 h6 12. Be3 Ne7 13. Qd3 Bd7 14. Rad1 Ned5 15. Bxd5 Nxd5 16. Nxd5 exd5 17. Bf4 Be7 18. Rfe1 Re8 19. Nc3 {½-½ (55) Short,N (2684)-Vaibhav,S (2527) Jakarta 2013}) 9. c5 {[%emt 0:00:53]} b6 {[%emt 0:05:52]} ({Predecessor:} 9... e5 10. a3 Ba5 11. dxe5 Nxe5 12. Bg5 Be6 13. Bc2 Bxc3 14. Nxc3 Ned7 15. Re1 h6 16. Bxf6 Qxf6 {1-0 (31) Kashlinskaya,A (2455)-Kharmunova,N (2199) Sochi 2017}) 10. Qa4 {[%emt 0:18:21]} Bd7 {[%emt 0:10:52]} 11. Bb5 {[%emt 0:01:54]} Bxc3 $1 {[%emt 0:01:28]} 12. Nxc3 {[%emt 0:05:47]} Qc7 {[%emt 0:03:43]} 13. g3 {[%emt 0:10:38]} bxc5 {[%emt 0:00:27]} 14. Bf4 {[%emt 0:00:06]} Qb6 {[%emt 0:01:15]} 15. dxc5 {[%emt 0:01:17]} Qxc5 {[%emt 0:00:09]} 16. Rac1 {[%emt 0:00:33]} a6 {[%emt 0:03:30]} 17. Bxc6 {[%emt 0:10:25]} Bxc6 {[%emt 0:01:41]} 18. Qc2 {[%emt 0:05:58]} Rac8 {[%emt 0:04:08]} 19. Ne4 {[%emt 0:10:56]} Nxe4 {[%emt 0:00:38]} 20. Qxc5 {[%emt 0:00:17]} Nxc5 {[%emt 0:00:17]} 21. Rxc5 {[%emt 0:00:04]} Bb5 {[%emt 0:00:08]} 22. Rfc1 {[%emt 0:00:37]} Bd7 {[%emt 0:01:02]} 23. Bc7 {[%emt 0:02:09]} f6 {[%emt 0:01:31]} 24. f4 {[%emt 0:00:03]} Rfe8 {[%emt 0:01:12]} 25. a3 {[%emt 0:02:09]} d4 {[%emt 0:01:29]} 26. b4 {[%emt 0:00:53]} d3 {[%emt 0:00:44]} 27. Rd1 {[%emt 0:02:48]} Bb5 {[%emt 0:00:35]} 28. a4 {[%emt 0:00:11]} Bxa4 {[%emt 0:00:04]} 29. Rxd3 {[%emt 0:00:05]} Bb5 {[%emt 0:01:15]} 30. Rdc3 {[%emt 0:01:15]} Kf7 {[%emt 0:00:53]} 31. Kf2 {[%emt 0:00:16]} Bd7 {[%emt 0:05:00]} 32. Ke3 {[%emt 0:01:17]} Bb5 {[%emt 0:00:06]} 33. Ke4 {[%emt 0:00:53]} Bd7 {[%emt 0:01:01]} 34. Ke3 {[%emt 0:02:12]} Bb5 {[%emt 0:01:15]} 35. Ke4 {[%emt 0:00:40]} Rh8 {[%emt 0:04:55]} 36. Ke3 {[%emt 0:02:08]} Rhe8 $11 {[%emt 0:00:23]} (36... Rce8 $15) 1/2-1/2